000 00417nam a2200157Ia 4500
008 160316s1992 xxu||||| |||| 00| 0 eng d
082 _a320.000000
_bBHA
100 _aBhambhri C P
245 _aPolitics in India 1991-92
250 _a
260 _aDelhi
_bShipra Publications
_c1992
300 _a302
_b20 cm
_cviii
365 _bRs.125/-
650 _a1.Politics - Political Process - India 1991-92
700 _a
_a
999 _c5481
_d5481